000 01318nam a2200277Ia 4500
999 _c53939
_d53939
001 20990
003 GE_BSU
005 20210705170415.0
008 181216s2016||||ge |||||||||||||| ||geo||
020 _a9789941094101
040 _cGE_BSU
041 _ageo
080 _a32.001(075.8) ჩ-67
100 _aჩიტაძე, ნიკა
_912187
245 _aპოლიტოლოგია :
_b [სახელმძღვანელო] /
_cნიკა ჩიტაძე ; დიზაინერი ნინი ლელუაშვილი.
250 _aI გამოცემა
264 _aთბილისი :
_bშავი ზღვის საერთაშორისო უნივერსიტეტი,
_c2016.
300 _a484 გვ. :
_bილ. ;
_c 25 სმ.
504 _aბიბლიოგრაფია გვ. : 473-483
520 _aრეზიუმე ინგლისურ ენაზე
541 _h8ლ.38თ.
653 _aპოლიტიკა
653 _aპოლიტოლოგია - სახელმძღვანელო უმაღლესი სასწავლებლებისათვის
700 _aლელუაშვილი, ნინი
_eდიზაინერი
_912188
942 _cBK
_2udc